| 000 | 00817cam a2200253 i 4500 | ||
|---|---|---|---|
| 999 |
_c200441802 _d60014 |
||
| 003 | TR-AnTOB | ||
| 005 | 20220609131507.0 | ||
| 007 | ta | ||
| 008 | 210706s1982 tu 100 0 tur d | ||
| 040 |
_aTR-AnTOB _beng _erda _cTR-AnTOB _dTR-AnTOB |
||
| 041 | 0 | _atur | |
| 050 | 1 | 4 |
_bHE873.4 _a.T87 1982 |
| 090 |
_aTOBBK HE873.4 _b.T87 1982 |
||
| 245 | 0 | 0 |
_aTürkiye'nin milletlerarası deniz ulaştırması sorunları : _bSeminer, (tebliğler, tartışmalar ve panel). |
| 264 | 3 |
_aİstanbul: _bUğur Matbaası, _c1982. |
|
| 300 |
_a222 pages : _c24 cm |
||
| 336 |
_atext _btxt _2rdacontent |
||
| 337 |
_aunmediated _bn _2rdamedia |
||
| 338 |
_avolume _bnc _2rdacarrier |
||
| 650 | 0 |
_aDeniz taşımacılığı _zTürkiye _990628 |
|
| 942 |
_2z _cBK |
||